Simple Pleasures : (Record no. 587447)

MARC details
000 -LEADER
fixed length control field 00458nam a2200181 a 4500
008 - FIXED-LENGTH DATA ELEMENTS--GENERAL INFORMATION
fixed length control field 250916s2010##################000#0#eng##
020 ## - INTERNATIONAL STANDARD BOOK NUMBER
ISBN 9781847946416
082 04 - DEWEY DECIMAL CLASSIFICATION NUMBER
Classification number 152
Item number DAW
100 1# - MAIN ENTRY--AUTHOR NAME
Personal name Various,
245 10 - TITLE STATEMENT
Title Simple Pleasures :
260 ## - PUBLICATION, DISTRIBUTION, ETC. (IMPRINT)
Name of publisher Random House,
Year of publication 2010.
650 #0 - SUBJECT ADDED ENTRY--TOPICAL TERM
Topical Term Literary Collections.
942 ## - ADDED ENTRY ELEMENTS (KOHA)
Koha item type English Books

No items available.

Find us on the map